000 00364nam a22001337a 4500
005 20200610113706.0
008 200610b xxu||||| |||| 00| 0 eng d
082 _a345.4;p
110 _aALL INDIA REPORTER
_95909
245 _aALL INDIA REPORTER,1971 (VOL-58) INDIAN ACTS SEC.
260 _aBOMBAY
_bALL INDIA REPORTER, PVT LTD.
300 _a1200;p
942 _cJRL
999 _c6971
_d6969